Copper and its alloys in engineering and technology. (Record no. 548894)
[ view plain ]
| 000 -LEADER | |
|---|---|
| fixed length control field | 00579cam a22001931 4500 |
| 082 ## - DEWEY DECIMAL CLASSIFICATION NUMBER | |
| Classification number | 669.3 |
| 110 2# - MAIN ENTRY--CORPORATE NAME | |
| Corporate name or jurisdiction name as entry element | Copper Development Association. |
| 9 (RLIN) | 40948 |
| 245 10 - TITLE STATEMENT | |
| Title | Copper and its alloys in engineering and technology. |
| 250 ## - EDITION STATEMENT | |
| Edition statement | [2d impression, rev.] |
| 260 ## - PUBLICATION, DISTRIBUTION, ETC. | |
| Place of publication, distribution, etc. | London |
| Date of publication, distribution, etc. | [1949] |
| 300 ## - PHYSICAL DESCRIPTION | |
| Extent | 88 p. |
| Other physical details | illus. |
| Dimensions | 22 cm. |
| 490 1# - SERIES STATEMENT | |
| Series statement | Its C. D. A. publication |
| 526 ## - STUDY PROGRAM INFORMATION NOTE | |
| Program name | 0 |
| Interest level | 0 |
| Reading level | 0 |
| Title point value | 669_300000000000000 |
| 526 ## - STUDY PROGRAM INFORMATION NOTE | |
| Program name | 0 |
| Interest level | 0 |
| Reading level | 0 |
| Title point value | 669_300000000000000 |
| 526 ## - STUDY PROGRAM INFORMATION NOTE | |
| Program name | 0 |
| Interest level | 0 |
| Reading level | 0 |
| Title point value | 669_300000000000000 |
| 650 #0 - SUBJECT ADDED ENTRY--TOPICAL TERM | |
| Topical term or geographic name entry element | Copper alloys. |
| 9 (RLIN) | 45042 |
| 650 #0 - SUBJECT ADDED ENTRY--TOPICAL TERM | |
| Topical term or geographic name entry element | Copper. |
| 9 (RLIN) | 40949 |
| 942 ## - ADDED ENTRY ELEMENTS (KOHA) | |
| Source of classification or shelving scheme | |
| Koha item type | Book |
| Withdrawn status | Lost status | Source of classification or shelving scheme | Damaged status | Not for loan | Permanent Location | Current Location | Date acquired | Total Checkouts | Full call number | Barcode | Date last seen | Price effective from | Koha item type | Date last checked out |
|---|---|---|---|---|---|---|---|---|---|---|---|---|---|---|
| Military College of Engineering (MCE) | Military College of Engineering (MCE) | 09/10/2014 | 669.3 | MCE-40999 | 09/10/2014 | 09/10/2014 | Book | |||||||
| Military College of Engineering (MCE) | Military College of Engineering (MCE) | 09/10/2014 | 2 | 669.3 | MCE-47 | 06/25/2015 | 09/10/2014 | Book | 06/15/2015 | |||||
| Military College of Engineering (MCE) | Military College of Engineering (MCE) | 09/10/2014 | 1 | 669.3 | MCE-44 | 09/11/2014 | 09/10/2014 | Book | 09/11/2014 |
